| 000 | 01225nam0a2200349 4500 | ||
|---|---|---|---|
| 001 | RU\NLR\bibl\228305 | ||
| 005 | 20250619110231.0 | ||
| 010 |
_a5-86208-061-9 _97000 |
||
| 021 |
_aRU _b2001-52159 _92522 |
||
| 035 | _a(NLR Aleph) 000224287 | ||
| 090 |
_a1304250 _c1304250 |
||
| 100 | _a20020204d2001 |||y0rusy50 ca | ||
| 101 | 0 | _arus | |
| 102 | _aRU | ||
| 105 | _ay ||||||||| | ||
| 200 | 1 |
_aТайная свадьба императора _eРоман о траг. любви имп. Александра II _fЕвгений Белянкин |
|
| 210 |
_aМ. _cПоматур _d2001 |
||
| 215 |
_a478,[1] с. _d21 |
||
| 600 | 0 |
_aАлександр _cимператор российский _dII _f1818 - 1881 _xв художественной литературе _9923635 _3RU\NLR\AUTH\6620184 |
|
| 675 |
_a821.161.1-31Беленкин _v3 _zrus |
||
| 686 |
_a17.82 _2rugasnti |
||
| 686 |
_a84(2Рос=Рус)6-44 _2rubbk |
||
| 686 | _aШ6(2=Р)75-442 | ||
| 700 | 1 |
_aБелянкин _bЕ. _gЕвгений _4070 |
|
| 801 | 0 |
_aRU _bRKP _c20020204 _gPSBO |
|
| 801 | 1 |
_aRU _bRKP _c20020204 |
|
| 801 | 2 |
_aRU _bNLR _c20090716 _grcr |
|
| 942 | _cBOOK | ||
| 980 | _aNB | ||